000 00798nam a2200253Ia 4500
003 OSt
005 20220923211230.0
006 a|||||r|||| 00| 0
007 ta
008 Pun
020 _a9788171166134 (hbk)
_c200
024 _a271,494
037 _b675, 04/06/2013, H.K. Prakashan
_cTextual
040 _aARTS
_cARTS
_bPun
041 _2Pun
_aPun
082 _aQ8441:21, 153Q3
100 _aਸਿੰਘ, ਵਗ਼ੀਰ
245 0 _aਗੁਰੂ ਗ੍ਰੰਥ ਜੀ ਮਾਨਿਓ
260 _aਦਿੱਲੀ
_b ਨੈFਨਲ ਬੁੱਕ Fਾਪ
_c2013
300 _a120ਪੰ
_ccm.
650 _aਸਿੱਖ ਧਰਮ
_9156314
942 _hQ8441:21, 153Q3
_cTEXL
_2CC
999 _c297345
_d297345